[Event "GRE-ch U18 Girls"]
[Site "Thessaloniki"]
[Date "2014.01.08"]
[Round "7"]
[White "Prokopiou, Ekaterini"]
[Black "Peskelidou, Emanouela"]
[Result "1-0"]
[WhiteElo "1602"]
[BlackElo "1506"]
[PlyCount "93"]
[EventDate "2014.01.02"]
[EventType "swiss"]
[EventRounds "7"]
[EventCountry "GRE"]
[SourceTitle "EXT 2017"]
[Source "ChessBase"]
[SourceDate "2016.10.25"]
[SourceVersion "1"]
[SourceVersionDate "2016.10.25"]
[SourceQuality "1"]

1. d4 Nf6 2. c4 e6 3. g3 Bb4+ 4. Bd2 Bxd2+ 5. Qxd2 d6 6. Bg2 0-0 7. Nf3 Qe7 8. 0-0 Re8 9. Nc3 e5 10. e3 Nbd7 11. a3 Nf8 12. b4 Ng6 13. Rfc1 c6 14. a4 Ng4 15. b5 Bd7 16. Rab1 f5 17. bxc6 bxc6 18. h3 e4 19. hxg4 exf3 20. Bxf3 fxg4 21. Bg2 Rab8 22. Rb2 h5 23. Rcb1 Rxb2 24. Rxb2 h4 25. Nd1 Qf7 26. Rb7 Re7 27. Qb4 d5 28. cxd5 cxd5 29. Rxa7 Qf5 30. Qb3 hxg3 31. fxg3 Be6 32. Rxe7 Nxe7 33. Nf2 Qg6 34. Nd3 Qe8 35. Nf4 Qc8 36. Nxe6 Qxe6 37. e4 Qd6 38. e5 Qc6 39. Qd1 Kf7 40. a5 Qa6 41. Qf1+ Qxf1+ 42. Bxf1 Ke6 43. a6 Nc6 44. Kf2 Na7 45. Ke3 Kf5 46. Bg2 Ke6 47. Kf4 1-0

[Event "GRE-ch U16 Girls"]
[Site "Patras"]
[Date "2013.07.10"]
[Round "3.8"]
[White "Peskelidou, Emanouela"]
[Black "Serpetsidaki, Eva"]
[Result "0-1"]
[WhiteElo "1530"]
[BlackElo "1407"]
[PlyCount "54"]
[EventDate "2013.07.08"]
[EventType "swiss"]
[EventRounds "9"]
[EventCountry "GRE"]
[SourceTitle "EXT 2024"]
[Source "ChessBase"]
[SourceDate "2023.10.10"]
[SourceVersion "1"]
[SourceVersionDate "2023.10.10"]
[SourceQuality "1"]

1. e4 e6 2. d4 d5 3. exd5 exd5 4. Bd3 Bd6 5. c3 Ne7 6. Nf3 Nbc6 7. 0-0 Bg4 8. Nbd2 Qd7 9. Qc2 0-0-0 10. Re1 Bf4 11. b4 Rdg8 12. a4 h5 13. a5 g5 14. b5 Nd8 15. Ba3 Ng6 16. Bb4 Be6 17. Nb3 Nh4 18. Nfd2 Bh3 19. g3 Qg4 20. Be2 Qe6 21. Nc5 Qf6 22. Ncb3 Ng2 23. Reb1 h4 24. Bf1 hxg3 25. fxg3 Be3+ 26. Kh1 Qf2 27. Bd3 Ne1 0-1

[Event "GRE-chT 40th"]
[Site "Achaia"]
[Date "2012.07.04"]
[Round "6.3"]
[White "Salahidou, Reveka"]
[Black "Peskelidou, Emanouela"]
[Result "1-0"]
[WhiteElo "1596"]
[BlackElo "1548"]
[PlyCount "127"]
[EventDate "2012.06.30"]
[EventType "team-swiss"]
[EventRounds "7"]
[EventCountry "GRE"]
[SourceTitle "CBM 149 Extra"]
[Source "ChessBase"]
[SourceDate "2012.08.24"]
[SourceVersion "1"]
[SourceVersionDate "2012.08.24"]
[SourceQuality "1"]
[WhiteTeam "Corinth Argonaftis REC"]
[BlackTeam "Florinas"]
[WhiteTeamCountry "GRE"]
[BlackTeamCountry "GRE"]

1. e4 e5 2. Nf3 Nc6 3. Bc4 Nf6 4. Ng5 d5 5. exd5 Na5 6. Bb5+ Bd7 7. Bxd7+ Qxd7 8. 0-0 Nxd5 9. d4 0-0-0 10. dxe5 Nc6 11. Re1 h6 12. Nf3 Bc5 13. a3 g5 14. g3 Rde8 15. b4 Bf8 16. Bb2 Rg8 17. Nc3 Nxc3 18. Qxd7+ Kxd7 19. Bxc3 Bg7 20. Rad1+ Kc8 21. h3 a6 22. Ba1 Bh8 23. g4 Re6 24. Re3 Rge8 25. Rde1 Rd8 26. Kg2 Rde8 27. c4 b5 28. cxb5 axb5 29. Kg3 Kb7 30. Kg2 Bg7 31. Kf1 Bh8 32. R1e2 R8e7 33. Ke1 Rd7 34. Rd2 Rde7 35. Rde2 Rd7 36. h4 gxh4 37. Nxh4 Ne7 38. Nf5 Nxf5 39. gxf5 Re8 40. Rd2 Rxd2 41. Kxd2 Bg7 42. f6 Bf8 43. Rd3 Kc8 44. Ke2 c6 45. f4 Kc7 46. f5 c5 47. Bc3 cxb4 48. axb4 Kc6 49. Kf3 Kc7 50. Kg4 Kc6 51. Kf4 Kc7 52. Ke4 Kc6 53. Rd1 Kc7 54. Ra1 Kb7 55. Ra5 Kb6 56. Bd4+ Kc6 57. Ra6+ Kc7 58. Ra7+ Kc6 59. Rxf7 Bxb4 60. e6 Bd6 61. Rh7 b4 62. Rxh6 b3 63. Rh3 Rb8 64. Rc3+ 1-0

[Event "GRE-chT 40th"]
[Site "Achaia"]
[Date "2012.07.01"]
[Round "3.5"]
[White "Terzidaki, Alexandra"]
[Black "Peskelidou, Emanouela"]
[Result "1-0"]
[WhiteElo "1960"]
[BlackElo "1548"]
[PlyCount "109"]
[EventDate "2012.06.30"]
[EventType "team-swiss"]
[EventRounds "7"]
[EventCountry "GRE"]
[SourceTitle "CBM 149 Extra"]
[Source "ChessBase"]
[SourceDate "2012.08.24"]
[SourceVersion "1"]
[SourceVersionDate "2012.08.24"]
[SourceQuality "1"]
[WhiteTeam "Spring Chess"]
[BlackTeam "Florinas"]
[WhiteTeamCountry "GRE"]
[BlackTeamCountry "GRE"]

1. e4 e5 2. Nf3 Nc6 3. d4 exd4 4. Nxd4 Bc5 5. Be3 Qf6 6. c3 Nge7 7. Bc4 Ne5 8. Bb3 d6 9. Qe2 a6 10. Nd2 Bd7 11. h3 h6 12. 0-0-0 0-0-0 13. f4 N5c6 14. Nxc6 Nxc6 15. e5 Qe7 16. Bxc5 dxc5 17. g4 Rhe8 18. Rhe1 Na5 19. Bc2 Nc6 20. Nf3 Kb8 21. Be4 Na7 22. f5 Bc6 23. Rxd8+ Rxd8 24. h4 Re8 25. g5 hxg5 26. hxg5 Bxe4 27. Qxe4 Nc6 28. Qf4 Nd8 29. Qh2 Qf8 30. Qh7 Nc6 31. g6 f6 32. e6 Qe7 33. Rd1 Rd8 34. Rxd8+ Nxd8 35. Nd2 Ka7 36. Ne4 Kb6 37. c4 a5 38. Nc3 c6 39. Qh2 Nxe6 40. fxe6 Qxe6 41. Qe2 Qf5 42. Qe4 Qg5+ 43. Kc2 f5 44. Qe6 f4 45. Qf7 Qh6 46. Na4+ Ka7 47. Nxc5 Qh2+ 48. Kb3 Qh3+ 49. Ka4 Qc8 50. Qxg7 Kb6 51. Nd7+ Ka6 52. Qd4 b5+ 53. Kb3 a4+ 54. Kc2 Qc7 55. g7 1-0